Cosmopolite 2 (Record no. 176319)

MARC details
000 -LEADER
fixed length control field 00297nam a22001337a 4500
005 - DATE AND TIME OF LATEST TRANSACTION
control field 20251008123320.0
020 ## - INTERNATIONAL STANDARD BOOK NUMBER
ISBN 9782014015997
041 ## - LANGUAGE CODE
Language code of text/sound track or separate title English
082 ## - DEWEY DECIMAL CLASSIFICATION NUMBER
Classification number 440 Q17
100 ## - MAIN ENTRY--AUTHOR NAME
Personal name Hirschsprung Nathalie
245 ## - TITLE STATEMENT
Title Cosmopolite 2
260 ## - PUBLICATION, DISTRIBUTION, ETC. (IMPRINT)
Place of publication Delhi
Name of publisher Goyal Publishers
Year of publication 2017
942 ## - ADDED ENTRY ELEMENTS (KOHA)
Koha item type CDs
Holdings
Withdrawn status Lost status Home library Current library Date acquired Full call number Accession Number Department Koha item type
    PSG-CAS LIBRARY PSG-CAS LIBRARY 08/10/2025 440 Q17 55004523 English CDs

Contact Us:

PSGCAS LIBRARY
Phone: 04224303300
Website: http://www.psgcas.ac.in/ | Email: psgcaslib@gmail.com


You are Visitor Number

web counter